Normal view
MARC view
Entry Personal Name
001 - CONTROL NUMBER
- control field: 246385
003 - CONTROL NUMBER IDENTIFIER
- control field: OSt
005 - DATE AND TIME OF LATEST TRANSACTION
- control field: 20251119155426.0
008 - FIXED-LENGTH DATA ELEMENTS
- fixed length control field: 251119|| aca||aabn | a|a d
040 ## - CATALOGING SOURCE
- Original cataloging agency: OSt
- Transcribing agency: OSt
100 ## - HEADING--PERSONAL NAME
- Personal name: PARAMASHIVAYYA
- Dates associated with a name: ಪರಮಶಿವಯ್ಯ
670 ## - SOURCE DATA FOUND
- Source citation: Work cat.: (OSt)141399: PARAMASHIVAYYA ಪರಮಶಿವಯ್ಯ, Jivana gita, 1954